Mathematik Challenge Multipilkation Level 2 - Statistiken

Allgemein
  • Dieses Quiz wurde 2.123 mal gespielt
  • Das Durchschnittsergebnis liegt bei 19 aus 40
Antwortstatistiken
Hint Antwort % Korrekt
1*1 1
92%
1*9 9
81%
6*1 6
77%
1*12 12
76%
6*2 12
74%
1*4 4
74%
7*10 70
74%
9*1 9
74%
11*1 11
73%
3*7 21
72%
2*16 32
72%
4*1 4
72%
5*11 55
72%
1*13 13
71%
5*4 20
71%
4*6 24
71%
12*2 24
71%
11*10 110
70%
10*11 110
69%
13*1 13
69%
17*1 17
69%
2*12 24
69%
5*1 5
69%
12*1 12
68%
7*3 21
68%
11*5 55
68%
4*3 12
67%
7*2 14
67%
8*2 16
67%
6*6 36
67%
4*11 44
67%
7*8 56
67%
10*6 60
67%
11*6 66
67%
1*8 8
67%
20*7 140
66%
2*8 16
66%
15*2 30
66%
4*9 36
66%
2*20 40
66%
1*5 5
66%
5*12 60
66%
7*11 77
66%
1*11 11
65%
17*10 170
65%
2*13 26
65%
8*5 40
65%
7*7 49
65%
5*2 10
64%
15*1 15
64%
10*19 190
64%
7*4 28
64%
16*2 32
64%
3*14 42
64%
9*5 45
64%
10*9 90
64%
3*4 12
63%
1*14 14
63%
11*4 44
63%
4*12 48
63%
11*7 77
63%
14*10 140
62%
1*15 15
62%
5*3 15
62%
16*1 16
62%
1*17 17
62%
9*2 18
62%
6*4 24
62%
20*12 240
62%
8*4 32
62%
3*11 33
62%
3*2 6
62%
8*1 8
62%
5*5 25
61%
2*15 30
61%
3*10 30
61%
5*6 30
61%
2*17 34
61%
3*13 39
61%
3*15 45
61%
14*5 70
61%
2*4 8
61%
8*10 80
61%
17*5 85
61%
10*1 10
60%
2*6 12
60%
12*10 120
60%
1*18 18
60%
18*1 18
60%
6*5 30
60%
10*3 30
60%
2*3 6
60%
4*15 60
60%
9*7 63
60%
10*16 160
59%
20*8 160
59%
2*9 18
59%
2*1 2
59%
12*20 240
59%
3*9 27
59%
3*12 36
59%
5*10 50
59%
8*7 56
59%
10*7 70
59%
15*5 75
59%
20*4 80
59%
8*11 88
59%
7*20 140
58%
1*19 19
58%
4*5 20
58%
8*3 24
58%
4*7 28
58%
20*14 280
58%
1*3 3
58%
5*7 35
58%
15*4 60
58%
11*8 88
58%
10*12 120
57%
10*15 150
57%
6*3 18
57%
19*10 190
57%
2*10 20
57%
2*11 22
57%
4*8 32
57%
10*5 50
57%
8*8 64
57%
14*2 28
56%
9*4 36
56%
20*2 40
56%
2*5 10
55%
11*2 22
55%
18*2 36
55%
2*2 4
55%
4*10 40
55%
6*7 42
55%
5*9 45
55%
7*1 7
55%
4*2 8
55%
3*3 9
55%
9*11 99
55%
10*14 140
54%
19*1 19
54%
20*1 20
54%
10*20 200
54%
20*10 200
54%
3*1 3
54%
20*20 400
54%
3*20 60
54%
12*5 60
54%
16*5 80
54%
20*5 100
53%
12*9 108
53%
6*20 120
53%
3*6 18
53%
20*9 180
53%
1*2 2
53%
19*2 38
53%
9*6 54
53%
1*6 6
53%
1*7 7
53%
8*9 72
53%
13*6 78
53%
12*7 84
53%
5*17 85
53%
9*13 117
52%
2*7 14
52%
1*16 16
52%
4*4 16
52%
3*16 48
52%
8*6 48
52%
4*14 56
52%
4*20 80
52%
5*18 90
52%
18*5 90
52%
20*6 120
51%
10*13 130
51%
12*3 36
51%
6*8 48
51%
19*3 57
51%
9*8 72
51%
10*8 80
51%
1*10 10
50%
5*20 100
50%
11*11 121
50%
14*1 14
50%
13*11 143
50%
9*16 144
50%
15*10 150
50%
14*11 154
50%
10*17 170
50%
19*9 171
50%
11*20 220
50%
2*14 28
50%
20*15 300
50%
7*6 42
50%
6*11 66
50%
5*14 70
50%
9*9 81
50%
11*9 99
50%
9*12 108
49%
13*3 39
49%
20*3 60
49%
8*15 120
48%
13*20 260
48%
19*4 76
48%
13*10 130
47%
8*20 160
47%
20*17 340
47%
10*4 40
47%
15*3 45
47%
6*9 54
47%
7*9 63
47%
18*4 72
47%
9*15 135
46%
9*20 180
46%
13*2 26
46%
11*3 33
46%
2*18 36
46%
20*18 360
46%
3*17 51
46%
6*10 60
46%
4*16 64
46%
12*8 96
46%
3*5 15
45%
17*9 153
45%
9*18 162
45%
1*20 20
45%
3*8 24
45%
17*2 34
45%
12*4 48
45%
10*10 100
44%
15*11 165
44%
18*10 180
44%
20*13 260
44%
14*20 280
44%
19*20 380
44%
5*8 40
44%
13*5 65
44%
5*15 75
44%
9*10 90
44%
15*7 105
43%
12*11 132
43%
16*10 160
43%
16*20 320
43%
18*20 360
43%
5*16 80
43%
7*12 84
43%
15*6 90
43%
16*8 128
42%
11*14 154
42%
10*2 20
42%
20*11 220
42%
9*3 27
42%
17*20 340
42%
17*3 51
42%
13*4 52
42%
7*13 91
42%
5*19 95
42%
13*8 104
41%
12*12 144
41%
15*20 300
41%
14*4 56
41%
3*19 57
41%
6*12 72
41%
8*17 136
40%
11*15 165
40%
19*11 209
40%
7*5 35
40%
8*12 96
40%
14*7 98
40%
6*18 108
39%
10*18 180
39%
14*14 196
39%
14*3 42
39%
6*15 90
39%
7*14 98
39%
14*8 112
38%
8*18 144
38%
11*16 176
38%
13*15 195
38%
15*15 225
38%
4*13 52
38%
4*19 76
38%
17*7 119
37%
5*13 65
37%
17*4 68
37%
16*9 144
36%
4*18 72
36%
13*7 91
36%
13*9 117
35%
7*19 133
35%
16*11 176
35%
18*11 198
35%
3*18 54
35%
12*6 72
35%
17*6 102
34%
6*19 114
34%
9*17 153
34%
15*12 180
34%
11*17 187
34%
15*14 210
34%
16*4 64
34%
6*16 96
34%
16*6 96
34%
14*9 126
33%
14*19 266
33%
18*3 54
33%
14*6 84
33%
6*17 102
32%
11*12 132
32%
15*9 135
32%
17*11 187
32%
20*16 320
32%
2*19 38
32%
13*12 156
31%
18*9 162
31%
12*15 180
31%
17*13 221
31%
19*6 114
30%
15*8 120
30%
9*14 126
30%
18*8 144
30%
4*17 68
30%
18*6 108
29%
12*13 156
29%
13*13 169
29%
11*18 198
29%
16*3 48
29%
8*13 104
28%
7*17 119
28%
14*12 168
28%
18*15 270
28%
7*15 105
27%
8*16 128
27%
11*13 143
27%
12*17 204
27%
6*13 78
27%
7*16 112
26%
8*14 112
26%
16*7 112
26%
18*7 126
26%
13*16 208
26%
16*16 256
26%
20*19 380
26%
14*13 182
25%
17*12 204
25%
14*16 224
25%
12*19 228
25%
19*13 247
25%
18*18 324
25%
7*18 126
24%
19*7 133
24%
17*8 136
24%
19*15 285
24%
19*16 304
24%
9*19 171
23%
14*15 210
23%
19*14 266
23%
19*17 323
23%
18*13 234
22%
18*14 252
22%
19*19 361
22%
19*5 95
22%
12*16 192
21%
18*12 216
21%
19*12 228
21%
6*14 84
21%
14*17 238
20%
15*16 240
20%
16*15 240
20%
8*19 152
19%
16*12 192
19%
17*14 238
19%
13*19 247
19%
15*18 270
19%
18*16 288
19%
12*14 168
18%
13*14 182
18%
17*15 255
18%
16*17 272
18%
19*8 152
15%
16*14 224
15%
16*13 208
14%
14*18 252
14%
15*19 285
14%
16*19 304
14%
18*19 342
14%
12*18 216
13%
13*18 234
13%
17*16 272
13%
17*17 289
13%
17*19 323
12%
19*18 342
12%
15*13 195
10%
11*19 209
10%
17*18 306
10%
15*17 255
9%
18*17 306
9%
13*17 221
6%
16*18 288
3%
Keine übereinstimmenden Quizze gefunden
Verteilung der Resultate
Anzahl Personen mit jedem Resultat
Perzentil nach korrekt beantworteten Fragen
Ihre Resultats-Entwicklung
Sie haben dieses Quiz noch nicht gespielt